LEADER 01379nam 2200325Ia 450 001 996389081403316 005 20221108095524.0 035 $a(CKB)4940000000095961 035 $a(EEBO)2248505096 035 $a(OCoLC)08483401 035 $a(EXLCZ)994940000000095961 100 $a19820602d1665 uy | 101 0 $aeng 135 $aurbn||||a|bb| 200 10$aHygieine?, or, A plain and practical discourse upon the first of the six non-naturals, viz, air$b[electronic resource] $ewith cautionary rules and directions for the preservation of people in this time of sickness, very necessary for the gentry and citizens that are now in the country to peruse before they come into London /$fby Tho. Cock 210 $aLondon $cPrinted by E.C. for Philem. Stephens Sen., Philem. Stephens Jun., Peter Dring, Joseph Leigh$d1665 215 $a[10], 23, [5] p 300 $aErrata: p. [5] (3rd grouping) 300 $aReproduction of original in the Huntington Library. 330 $aeebo-0113 606 $aPublic health$zEngland$zLondon$vEarly works to 1800 615 0$aPublic health 700 $aCock$b Thomas$01001965 801 0$bUMI 801 1$bUMI 801 2$bWaOLN 906 $aBOOK 912 $a996389081403316 996 $aHygieine?, or, A plain and practical discourse upon the first of the six non-naturals, viz, air$92299694 997 $aUNISA LEADER 01599nam0 22003613i 450 001 UM10113200 005 20251003044430.0 010 $a888898612X 100 $a20190129d2004 ||||0itac50 ba 101 | $aita 102 $ait 181 1$6z01$ai $bxxxe 182 1$6z01$an 183 1$6z01$anc$2RDAcarrier 200 1 $aˆL ‰atlante dei picentini$eguida completa al bello da vedere e al buono da mangiare del Parco regionale$eristoranti, trattorie, alberghi, agriturismi prodotti tipici, aziende$fLuciano Pignataro 210 $aSarno$cEdizioni dell'Ippogrifo$d2004 215 $a303 p.$cill.$d21 cm. 606 $aMONTI PICENTINI$xGuide$2FIR$3NAPC184858$9I 676 $a945.74$9STORIA. Salerno $v23 696 $aGuide turistiche$aGuide di viaggio 699 $aGuide$zGuide turistiche 699 $aGuide$yGuide di viaggio 700 1$aPignataro$b, Luciano$3CFIV035051$0143399 801 3$aIT$bIT-000000$c20190129 850 $aIT-BN0095 $aIT-SA0249 $aIT-AV0007 901 $bNAP 75$cST. LOC. $n$ 901 $bNAP 01$cPOZZO LIB.$nVi sono collocati fondi di economia, periodici di ingegneria e scienze, periodici di economia e statistica e altri fondi comprendenti documenti di economia pervenuti in dono. 901 $bNAP AV$cMANCINO $n$ 912 $aUM10113200 950 0$aBiblioteca Centralizzata di Ateneo$c1 v.$d 01POZZO LIB.F. BENCARDINO 188$e 01 0000084215E VMA 1 v.$fB $h20220616$i20221121 977 $a 01$a 75$a AV 996 $aAtlante dei picentini$92965106 997 $aUNISANNIO